000 00873cam a22002533a 4500
001 8106
003 PGUSA
005 20140828083152.0
008 050501s2005||||xxu|||||s|||||000 | eng d
040 _aPGUSA
_beng
042 _adc
050 4 _aG
100 1 _aCook, James,
_d1728-1779
245 1 0 _aCaptain Cook's Journal During His First Voyage Round the World :
_bMade in H. M. Bark "Endeavour", 1768-71
_h[electronic resource] /
_cJames Cook
260 _bProject Gutenberg,
_c2005
506 _aPublic domain in the USA.
516 _aElectronic text
653 _aOceania -- Discovery and exploration -- Early works to 1800
653 _aVoyages around the world -- Early works to 1800
700 1 _aWharton, W. J. L.
_q(William James Lloyd),
_d1843-1905
830 0 _aProject Gutenberg
_v8106
856 4 0 _uhttp://www.gutenberg.org/ebooks/8106
942 _cEB
999 _c237406
_d237406